000 00659nam a2200217Ia 4500
003 OSt
005 20220918214400.0
006 a|||||r|||| 00| 0
007 ta
008 220917b |||||||| |||| 00| 0 eng d
024 _a137,174
037 _cTextual
040 _aARTS
_cARTS
_beng
041 _2eng
_aeng
082 _aY:3217v2.D, L4.2
100 _aSastri Heramba Chatterjee
_9131101
245 0 _aStudies in the social background of the forms of marriage in ancient India
260 _aCalcutta
_bSanskrit Pustak Bhandar
_c1974
942 _hY:3217v2.D, L4.2
_cTEXL
_2CC
999 _c260260
_d260260